000 00630nam a2200205 i 4500
001 185701
003 SpMaBN
005 20230906222511.0
008 160803s1963 sp |||| | spa d
080 _a821.133.1-31"19"
100 1 _aGrimault, Berthe.
_9160308
245 1 1 _a"Beau Clown" /
_cBerthe Grimault ; traducción de Mariano García.
260 _aBarcelona :
_bAHR,
_c[1963]
300 _a247 p. ;
_c19 cm.
490 1 _aLarga vida
700 1 _aGarcía Sanz, Mariano.
_9160309
830 0 _aLarga vida
_9225267
852 _aES-MaACL
_jL-30499
_z- enc. tela
_z. - Donat. Miguel A. Velasco
999 _c185701
_d185701